TOP3 de F2/GP2 depuis 2005 - Statistiques

Statistiques générales
  • Ce quiz a été pris 27 fois
  • Le résultat moyen est 26 sur 57
Statistiques - réponses
Année Catégorie Place Pays Pilote % Correct
2021 F2 Champion Australie Oscar Piastri
100%
2017 F2 Champion Monaco Charles Leclerc
95%
2006 GP2 Champion Grande-Bretagne Lewis Hamilton
95%
2023 F2 Champion France Théo Pourchaire
95%
2022 F2 2ème France Théo Pourchaire
95%
2018 F2 2ème Grande-Bretagne Lando Norris
90%
2020 F2 Champion Allemagne Mick Schumacher
90%
2016 GP2 Champion France Pierre Gasly
90%
2018 F2 3ème Thaïlande Alexander Albon
81%
2018 F2 Champion Grande-Bretagne George Russell
81%
2019 F2 2ème Canada Nicholas Latifi
81%
2019 F2 Champion Pays-Bas Nyck de Vries
76%
2020 F2 3ème Japon Yuki Tsunoda
76%
2011 GP2 Champion France Romain Grosjean
71%
2016 GP2 2ème Italie Antonio Giovinazzi
67%
2009 GP2 Champion Allemagne Nico Hülkenberg
62%
2005 GP2 Champion Allemagne Nico Rosberg
62%
2010 GP2 2ème Mexique Sergio Pérez
62%
2022 F2 3ème Nouvelle-Zelande Liam Lawson
57%
2015 GP2 Champion Belgique Stoffel Vandoorne
57%
2014 GP2 2ème Belgique Stoffel Vandoorne
57%
2022 F2 Champion Brésil Felipe Drugovich
52%
2023 F2 2ème Danemark Frederik Vesti
52%
2023 F2 3ème Australie Jack Doohan
48%
2011 GP2 3ème France Jules Bianchi
48%
2010 GP2 3ème France Jules Bianchi
48%
2010 GP2 Champion Venezuela Pastor Maldonado
43%
2021 F2 3ème Chine Zhou Guanyu
43%
2017 F2 2ème Russie Artem Markelov
38%
2005 GP2 2ème Finlande Heikki Kovalainen
38%
2021 F2 2ème Russie Robert Shwartzman
38%
2016 GP2 3ème Russie Sergey Sirotkin
33%
2015 GP2 3ème Russie Sergey Sirotkin
33%
2009 GP2 2ème Russie Vitaly Petrov
33%
2012 GP2 3ème Mexique Esteban Gutiérrez
29%
2014 GP2 3ème Brésil Felipe Nasr
29%
2019 F2 3ème Italie Luca Ghiotto
29%
2020 F2 2ème Grande-Bretagne Callum Ilott
24%
2014 GP2 Champion Grande-Bretagne Jolyon Palmer
24%
2015 GP2 2ème États-Unis Alexander Rossi
19%
2008 GP2 2ème Brésil Bruno Senna
19%
2009 GP2 3ème Brésil Lucas di Grassi
19%
2008 GP2 3ème Brésil Lucas di Grassi
19%
2007 GP2 2ème Brésil Lucas di Grassi
19%
2017 F2 3ème Grande-Bretagne Oliver Rowland
19%
2005 GP2 3ème États-Unis Scott Speed
19%
2007 GP2 Champion Allemagne Timo Glock
19%
2006 GP2 3ème France Alexandre Prémat
14%
2013 GP2 Champion Suisse Fabio Leimer
14%
2013 GP2 3ème Grande-Bretagne James Calado
14%
2006 GP2 2ème Brésil Nelson Piquet Jr.
14%
2013 GP2 2ème Grande-Bretagne Sam Bird
14%
2012 GP2 Champion Italie Davide Valsecchi
10%
2008 GP2 Champion Italie Giorgio Pantano
10%
2007 GP2 3ème Italie Giorgio Pantano
10%
2011 GP2 2ème Italie Luca Filippi
10%
2012 GP2 2ème Brésil Luiz Razia
10%
Aucun quiz correspondant
Distribution des résultats
% des personnes avec chaque résultat
Percentile par nombre de réponses
Votre historique - résultats
Vous n’avez pas pris ce quiz